| 000 | 00853nam a2200229 a 4500 | ||
|---|---|---|---|
| 999 |
_c12285 _d12285 |
||
| 001 | 12285 | ||
| 003 | BD-JhCC | ||
| 005 | 20220608134021.0 | ||
| 008 | 210922b2016 bg a|||| ||a| 000 0 ben d | ||
| 035 | _a(BD-JhCC)12285 | ||
| 040 |
_aBD-JhCC _dBD-JhCC |
||
| 041 | _aBengali | ||
| 082 |
_a297.57082 _bKOR 2016 |
||
| 100 | _aকরনী,ড.আয়েয আল | ||
| 245 |
_aহতাশ হবেন না / _cড.আয়েয আল করনী, অনু:মুফতী মুহাম্মদ মামুনর রশীদ। |
||
| 260 |
_aঢাকা: _bহুদহুদ প্রকাশন; _c২০১৬. |
||
| 300 |
_a608 p. : _bill; _c22 cm. |
||
| 650 | _aSadness--Religious aspects- Islam | ||
| 700 | _aরশীদ,মুফতী মুহাম্মদ মামুনুর | ||
| 942 |
_2ddc _cBK _03 |
||